| 000 | 00948nam a22002297a 4500 | ||
|---|---|---|---|
| 008 | 230201s2013 xxk|||||o|||| 00| 0 eng d | ||
| 041 | _aeng | ||
| 110 | _aRoyal Institution of Chartered Surveyors | ||
| 245 |
_aProperty auctions _bA clear impartial guide _h[old edition] |
||
| 260 |
_aLondon, _bRoyal Institution of Chartered Surveyors, _c2013 |
||
| 300 | _a13p. | ||
| 490 | _aRICS Consumer Guide | ||
| 500 | _aSuperseded by June 2024 issue | ||
| 520 | _aThis guide aims to tell you more about the auction process from both a buyer and seller’s point of view, and what you can expect. | ||
| 650 | _aAUCTIONS | ||
| 650 | _aRESIDENTIAL PROPERTY | ||
| 651 | _aUnited Kingdom | ||
| 690 |
_96266 _aResidential property |
||
| 710 | _aRoyal Institution of Chartered Surveyors | ||
| 856 |
_uhttps://www.ricsfirms.com/media/1191/rics-consumer-guide-property-auctions-2020.pdf _zOld edition on rics.org/consumerguides |
||
| 942 | _n0 | ||
| 999 |
_c121346 _d121346 |
||